Star Wars Sith - Statistics

General Stats
  • This quiz has been taken 298 times
  • The average score is 8 of 35
Answer Stats
Canon % Correct
Darth Vader
97%
Darth Sidious
95%
Darth Maul
91%
Darth Tyranus
85%
Darth Bane
65%
Darth Revan
65%
Darth Plagueis
60%
Darth Nihilus
41%
Darth Tenebrous
30%
Darth Vitiate
24%
Darth Zannah
16%
Exar Kun
16%
Darth Andeddu
10%
Naga Sadow
9%
Darth Desolous
7%
Darth Momin
7%
Darth Phobos
5%
Darth Shaa
4%
Darth Krall
3%
Darth Atrius
2%
Darth Caldoth
2%
Darth Noctyss
2%
Darth Sanguis
2%
Darth Tanis
2%
Neer
2%
Darth Quellus
1%
Darth Siberius
1%
Darth Skrye
1%
Darth Wrend
1%
Felkor
1%
Locphet
1%
Midran
1%
Omnin
1%
Ry Nymbis
1%
Sissiri
1%
No matching quizzes found
Score Distribution
Percent of People with Each Score
Percentile by Number Answered
Your Score History
You have not taken this quiz